000 00664nam a22001817a 4500
003 OSt
005 20250909184654.0
008 240903b ||||| |||| 00| 0 eng d
040 _c0
082 _aDPer 808.042 C686 June-February 2021 v. 72-73 n. 1-4
100 _aLisabeth, Laura.
_eauthor.
_960020
245 _aStrunk and white and whiteness /
_cLaura Lisabeth.
260 _aUSA ;
_bNational Council of Teachers of English ,
_cSeptember 2021.
300 _aVolume 76-73, pages 80-102 ;
_c23 cm.
500 _aCollege Composition & Communication, vol. 73, n. 1, pages 80-102, September 2021.
700 _aLisabeth, Laura.
_eauthor.
_960020
942 _2ddc
_cPER
999 _c21260
_d21260